| 000 | 00958nam a2200265 i 4500 | ||
|---|---|---|---|
| 001 | 61486 | ||
| 003 | ES-MaACL | ||
| 005 | 20250801174607.0 | ||
| 007 | t| | ||
| 008 | 031112s1983 fr ||||1| fre d | ||
| 020 | _a2-13-038047-6 | ||
| 245 | 0 | 2 |
_aL'exterminisme _b: armament nucléaire et pacifisme / _cEdward Thompson; un débat avec Raymond Williams ... [et al.] ; traduit de l'anglais par Jean Jacques Lecercle, Yvette Le Gillou et Robert Fischer. |
| 250 | _a1eme ed. | ||
| 260 |
_aParís : _bPresses Universitaires de France, _c1983. |
||
| 300 |
_a315 p. ; _c22 cnm. |
||
| 490 | 1 | _aPratiques théoriques | |
| 700 | 1 |
_aThompson, Edward. _9110077 |
|
| 700 | 1 |
_aWilliams, Raymond. _9116947 |
|
| 700 | 1 |
_aLecercle, Jean Jacques. _971059 |
|
| 700 | 1 |
_aLe Guillou, Yvette. _970889 |
|
| 700 | 1 |
_aFischer, Robert. _951009 |
|
| 830 | 0 | 0 |
_aPratiques théoriques _9185675 |
| 852 |
_aES-MaACL _jL-11675 _bR.113471 |
||
| 999 |
_c61486 _d61486 |
||